| 000 | 01355nam a22003015a 4500 | ||
|---|---|---|---|
| 003 | OSt | ||
| 005 | 20170222124201.0 | ||
| 008 | 170222s2016 ua frb 000 0 ara d | ||
| 015 | _a2015 / 23646 | ||
| 020 | _a9789770479353 | ||
| 040 |
_aEG-ScBUE _bara _cEG-ScBUE |
||
| 043 |
_af-ua--- _ae-fr--- |
||
| 082 | 0 | 4 |
_a346.031 _bم ح م _222 |
| 100 | 1 | _aمحمود، حسين مصطفى. | |
| 245 | 1 | 0 |
_aمسئولية الموظف العام وحمايته في مصر وأمريكا = _bPublic employee liability and protection in Egypt and America / _cحسين مصطفى محمود. |
| 246 | 3 | 1 | _aPublic employee liability and protection in Egypt and America |
| 250 | _aط. 1. | ||
| 260 |
_aالقاهرة : _bدار النهضة العربية، _c2016. |
||
| 300 |
_a427 ص. ؛ _c24 سم. |
||
| 504 | _aيشتمل على إرجاعات ببليوجرافية. | ||
| 650 | 7 |
_aالموظفون _xوضع قانوني، قوانين، إلخ. _zمصر. _2BUEsh |
|
| 650 | 7 |
_aالموظفون _xوضع قانوني، قوانين، إلخ. _zالولايات المتحدة الأمريكية. _2BUEsh |
|
| 650 | 7 |
_aالمسئولية المدنية _zمصر. _2BUEsh _941063 |
|
| 650 | 7 |
_aالمسئولية المدنية _zالولايات المتحدة الأمريكية. _2BUEsh |
|
| 651 | _2BUEsh | ||
| 653 |
_bLLAAWW _cFebruary2017 |
||
| 942 | _2ddc | ||
| 999 |
_c24231 _d24203 |
||